000 00790nam a22002417a 4500
003 DO-SdBNP
005 20240530073926.0
007 ta
008 220210b2020 dr a|||| |||| 00| f spa d
020 _a9789945094602
040 _aDO-SdBNP
_bspa
_cBNPHU
082 4 _aRD863.5
_bM528e
_222
100 1 _aMelo Medina, Andrés,
_d1952-
_981212
245 1 0 _aEste pueblo perdió su identidad /
_cAndrés Melo Medina
260 _aSanto Domingo :
_bVérité Editorial Group,
_c2020.
300 _a153 p. :
_bil. ;
_c21 cm.
500 _aIncluye datos biográficos del autor en la contracubierta.
590 _aInventariado, 2022 /LP
650 0 _aNovela dominicana
_9223
650 4 _aLiteratura dominicana
910 _aLopérez./Validado. Control de calidad MFF
942 _2ddc
_cLBS1
999 _c51405
_d51405